00259nam a22000617a 4500008004100000100001600041245014000057170706b xxu||||| |||| 00| 0 eng d aTanui Daisy aThe effect of m-pesa transactions on financial performance of small and medium sized enterprises in Kenya: a case study of Nakuru town.